[Event "Paul Keres mem (12th)"]
[Site "Vancouver CAN"]
[Date "1987.05.16"]
[Round "3"]
[White "Piasetski, Leon"]
[Black "O'Donnell, Tom"]
[Result "0-1"]
[WhiteElo "2395"]
[BlackElo "2280"]
[PlyCount "124"]
[GameId "2160767912649786"]
[EventDate "1987.05.15"]
[EventType "swiss"]
[EventRounds "7"]
[EventCountry "CAN"]
[SourceTitle "EXT 2022"]
[Source "ChessBase"]
[SourceDate "2021.10.06"]
[SourceVersion "1"]
[SourceVersionDate "2021.10.06"]
[SourceQuality "1"]

1. Nf3 d5 2. c4 e6 3. g3 Nf6 4. Bg2 Be7 5. b3 O-O 6. Bb2 b6 7. O-O Bb7 8. cxd5 Bxd5 9. Nc3 Bb7 10. d4 Nbd7 11. Qd3 Qc8 12. Rac1 Rd8 13. Qb1 Qb8 14. e4 c5 15. d5 exd5 16. exd5 Nxd5 17. Nxd5 Bxd5 18. Ng5 Nf8 19. Bxd5 Rxd5 20. Qe4 Qd8 21. Nh3 Ne6 22. f4 Rd2 23. Bc3 Qd5 24. Qxd5 Rxd5 25. Rcd1 Rad8 26. Nf2 Nd4 27. Bxd4 Rxd4 28. Rxd4 Rxd4 29. Re1 Kf8 30. Re2 f5 31. Kg2 Bf6 32. Nh3 h6 33. Ng1 c4 34. bxc4 Rxc4 35. Nf3 g6 36. Rd2 Ke7 37. Re2+ Kd6 38. h4 a5 39. Kh3 h5 40. Re8 Ra4 41. Ng5 Kd7 42. Rg8 Rxa2 43. Rxg6 Ke7 44. Rh6 a4 45. Rxh5 a3 46. Rh7+ Ke8 47. Ra7 b5 48. Ra8+ Kd7 49. Ra7+ Kc8 50. Nf7 b4 51. Nd6+ Kd8 52. Nf7+ Ke8 53. Nd6+ Kd8 54. Nf7+ Ke8 55. Nd6+ Kf8 56. Rf7+ Kg8 57. Rxf6 Rc2 58. Nxf5 b3 59. Nd4 b2 60. Nxc2 a2 61. Rc6 b1=Q 62. Kg4 Qd1+ 0-1

[Event "Paul Keres mem (12th)"]
[Site "Vancouver CAN"]
[Date "1987.05.18"]
[Round "7"]
[White "Fullbrook, Nigel"]
[Black "O'Donnell, Tom"]
[Result "1-0"]
[WhiteElo "2285"]
[BlackElo "2280"]
[PlyCount "80"]
[GameId "2160767912649804"]
[EventDate "1987.05.15"]
[EventType "swiss"]
[EventRounds "7"]
[EventCountry "CAN"]
[SourceTitle "EXT 2022"]
[Source "ChessBase"]
[SourceDate "2021.10.06"]
[SourceVersion "1"]
[SourceVersionDate "2021.10.06"]
[SourceQuality "1"]

1. e4 c5 2. Nf3 d6 3. d4 cxd4 4. Nxd4 Nf6 5. Nc3 g6 6. Be3 Bg7 7. Bc4 O-O 8. f3 Nc6 9. Qd2 Bd7 10. O-O-O Rc8 11. Bb3 Ne5 12. h4 h5 13. Bg5 Rc5 14. Rhe1 b5 15. f4 Nc4 16. Bxc4 Rxc4 17. e5 b4 18. Qd3 Rxd4 19. Qxd4 bxc3 20. Bxf6 exf6 21. Qxd6 Qa5 22. Qxd7 Qxa2 23. bxc3 fxe5 24. Rxe5 Qa3+ 25. Kd2 Bxe5 26. fxe5 Qa5 27. e6 Rd8 28. Kc1 Qa1+ 29. Kd2 Qa5 30. Kc1 Rxd7 31. exd7 Qd8 32. c4 Kf8 33. c5 Ke7 34. c6 Qa5 35. Rd3 Kd8 36. Rb3 Kc7 37. Rd3 Qe1+ 38. Kb2 Qxh4 39. Kb3 f5 40. c4 Qd8 1-0

[Event "Vancouver inv"]
[Site "Vancouver CAN"]
[Date "1987.04.28"]
[Round "4"]
[White "O'Donnell, Tom"]
[Black "South, Robert"]
[Result "1-0"]
[WhiteElo "2280"]
[BlackElo "2250"]
[PlyCount "62"]
[GameId "2160767912649899"]
[EventDate "1987.04.25"]
[EventType "tourn"]
[EventRounds "9"]
[EventCountry "CAN"]
[SourceTitle "EXT 2003"]
[Source "ChessBase"]
[SourceDate "2002.11.25"]
[SourceVersion "1"]
[SourceVersionDate "2002.11.25"]
[SourceQuality "1"]

1. e4 c5 2. c3 d6 3. d4 Nf6 4. Bd3 g6 5. Ne2 Bg7 6. f3 Nc6 7. Be3 b6 8. Qd2 h5 9. Na3 Bb7 10. h3 a6 11. Nc2 Qc7 12. O-O e6 13. Rac1 Ne7 14. b3 h4 15. a4 d5 16. e5 Nd7 17. Bg5 c4 18. bxc4 dxc4 19. Be4 Nd5 20. Nf4 Nxf4 21. Qxf4 Rh5 22. Ne3 Ra7 23. Ng4 b5 24. axb5 axb5 25. Ra1 Qb6 26. Kh1 Rxa1 27. Rxa1 Bxe4 28. fxe4 Qb7 29. Rf1 Rxg5 30. Qxf7+ Kd8 31. Qxg7 Qxe4 1-0

[Event "Vancouver inv"]
[Site "Vancouver CAN"]
[Date "1987.05.02"]
[Round "8"]
[White "O'Donnell, Tom"]
[Black "Fullbrook, Nigel"]
[Result "1-0"]
[WhiteElo "2280"]
[BlackElo "2285"]
[PlyCount "77"]
[GameId "2160767912649919"]
[EventDate "1987.04.25"]
[EventType "tourn"]
[EventRounds "9"]
[EventCountry "CAN"]
[SourceTitle "EXT 2003"]
[Source "ChessBase"]
[SourceDate "2002.11.25"]
[SourceVersion "1"]
[SourceVersionDate "2002.11.25"]
[SourceQuality "1"]

1. e4 c5 2. c3 d5 3. exd5 Qxd5 4. d4 Nc6 5. Nf3 e5 6. Nxe5 Nxe5 7. dxe5 Qxe5+ 8. Be3 Bd7 9. Be2 O-O-O 10. Bf3 Bb5 11. Qc2 Bd3 12. Qb3 Qc7 13. c4 Nf6 14. Nc3 Bd6 15. O-O-O Be5 16. Nb5 Qa5 17. Rxd3 Rxd3 18. Qxd3 Qxa2 19. Qa3 Qxc4+ 20. Nc3 Bxc3 21. Qxc3 Qxc3+ 22. bxc3 b6 23. Kc2 Rd8 24. Bg5 Rd6 25. Re1 Kd7 26. Bf4 Re6 27. Rxe6 fxe6 28. Be5 Ne8 29. Be2 g6 30. Bb5+ Ke7 31. Kd3 Nd6 32. Bxd6+ Kxd6 33. Ke4 e5 34. h4 a5 35. g4 h6 36. c4 Ke6 37. Be8 g5 38. hxg5 hxg5 39. Ba4 1-0

[Event "BC-ch 1986-87"]
[Site "Vancouver CAN"]
[Date "1986.??.??"]
[Round "1"]
[White "O'Donnell, Tom"]
[Black "Fullbrook, Nigel"]
[Result "0-1"]
[WhiteElo "2280"]
[BlackElo "2285"]
[PlyCount "76"]
[GameId "2160767912650606"]
[EventDate "1986.12.??"]
[EventType "tourn"]
[EventRounds "9"]
[EventCountry "CAN"]
[SourceTitle "EXT 2002"]
[Source "ChessBase"]
[SourceDate "2001.11.25"]
[SourceVersion "1"]
[SourceVersionDate "2001.11.25"]
[SourceQuality "1"]

1. e4 d6 2. d4 Nf6 3. Nc3 g6 4. Nf3 Bg7 5. Be2 c5 6. dxc5 Qa5 7. O-O Qxc5 8. Be3 Qa5 9. Qd2 Nc6 10. Bh6 O-O 11. a3 Bg4 12. Bxg7 Kxg7 13. b4 Qh5 14. Qe3 Rfc8 15. Rac1 Ne5 16. Nb1 Bxf3 17. gxf3 g5 18. Nd2 Qh4 19. Kh1 Nh5 20. Rg1 Nf4 21. c4 Kh8 22. c5 Rg8 23. cxd6 Rg6 24. Nf1 exd6 25. Rc7 Rf6 26. Rg3 b5 27. Bd1 a5 28. bxa5 Rxa5 29. Rc8+ Kg7 30. Qc3 Ned3 31. Qxa5 Nxf2+ 32. Kg1 N4h3+ 33. Kg2 Nxe4 34. Qd8 Nf4+ 35. Kg1 Nh3+ 36. Kg2 Nf4+ 37. Kg1 Nh3+ 38. Rxh3 Qf2+ 0-1

[Event "BC-ch 1986-87"]
[Site "Vancouver CAN"]
[Date "1986.??.??"]
[Round "2"]
[White "Ross, Dave"]
[Black "O'Donnell, Tom"]
[Result "1-0"]
[WhiteElo "2290"]
[BlackElo "2280"]
[PlyCount "91"]
[GameId "2160767912650612"]
[EventDate "1986.12.??"]
[EventType "tourn"]
[EventRounds "9"]
[EventCountry "CAN"]
[SourceTitle "EXT 2002"]
[Source "ChessBase"]
[SourceDate "2001.11.25"]
[SourceVersion "1"]
[SourceVersionDate "2001.11.25"]
[SourceQuality "1"]

1. d4 Nf6 2. c4 e6 3. g3 c5 4. d5 exd5 5. cxd5 d6 6. Nc3 g6 7. Bg2 Bg7 8. Nf3 O-O 9. O-O a6 10. a4 Nbd7 11. h3 Re8 12. Nd2 Rb8 13. Nc4 Ne5 14. Na3 Nh5 15. e4 Rf8 16. Kh2 Bd7 17. f4 b5 18. fxe5 Nxg3 19. Kxg3 Bxe5+ 20. Kf3 b4 21. Nc4 bxc3 22. bxc3 Bxc3 23. Ra3 Rb4 24. Qd3 Bd4 25. Bf4 f5 26. e5 dxe5 27. Nxe5 Bxa4 28. Rxa4 Rxa4 29. Qb3 Rb4 30. Qa2 Rb2 31. Qc4 Rb4 32. Qa2 Rb2 33. Qc4 Qh4 34. d6+ Kg7 35. Nd3 g5 36. Be5+ Kg6 37. Qe6+ Kh5 38. Bxd4 g4+ 39. Ke3 cxd4+ 40. Kxd4 gxh3+ 41. Nf4+ Kg5 42. Qe7+ Rf6 43. Ke5 hxg2 44. Qxf6+ Kg4 45. Qxh4+ Kxh4 46. Rd1 1-0

[Event "BC-ch 1986-87"]
[Site "Vancouver CAN"]
[Date "1987.??.??"]
[Round "8"]
[White "Berry, Jonathan"]
[Black "O'Donnell, Tom"]
[Result "1/2-1/2"]
[WhiteElo "2295"]
[BlackElo "2280"]
[PlyCount "66"]
[GameId "2160767912650635"]
[EventDate "1986.12.??"]
[EventType "tourn"]
[EventRounds "9"]
[EventCountry "CAN"]
[SourceTitle "EXT 2002"]
[Source "ChessBase"]
[SourceDate "2001.11.25"]
[SourceVersion "1"]
[SourceVersionDate "2001.11.25"]
[SourceQuality "1"]

1. e4 Nc6 2. Nf3 e5 3. Bb5 a6 4. Ba4 Nf6 5. O-O b5 6. Bb3 Be7 7. d4 d6 8. dxe5 Nxe5 9. Nxe5 dxe5 10. Qe2 c5 11. c4 O-O 12. Nc3 Qb6 13. Be3 Rb8 14. Rac1 Qb7 15. f3 Rd8 16. Rc2 Be6 17. Rfc1 h6 18. cxb5 axb5 19. Bxe6 fxe6 20. a4 b4 21. Nb5 Nd7 22. b3 Rbc8 23. Rd1 Nf6 24. Kf1 Rxd1+ 25. Qxd1 Rd8 26. Rd2 Rxd2 27. Qxd2 Qc6 28. Qd3 Nd7 29. Ke2 Nb6 30. Na7 Qb7 31. Nb5 Qc6 32. Na7 Qb7 33. Nb5 Qc6 1/2-1/2

[Event "CAN-op"]
[Site "Winnipeg CAN"]
[Date "1986.07.12"]
[Round "1"]
[White "Prystenski, Arthur"]
[Black "O'Donnell, Tom"]
[Result "0-1"]
[WhiteElo "2200"]
[BlackElo "2364"]
[PlyCount "40"]
[GameId "2160767912651189"]
[EventDate "1986.07.12"]
[EventType "swiss"]
[EventRounds "10"]
[EventCountry "CAN"]
[SourceTitle "CP6/4"]

1. e4 Nc6 2. Nf3 e5 3. Nc3 Nf6 4. d4 exd4 5. Nd5 Be7 6. Bf4 d6 7. Nxd4 O-O 8. Nb5 Nxd5 9. exd5 Ne5 10. Be2 Bf6 11. Qd2 Ng6 12. c3 Nxf4 13. Qxf4 Re8 14. Qd2 Qe7 15. Kf1 a6 16. Nd4 Bxd4 17. cxd4 Bd7 18. Re1 Qh4 19. Bf3 Bb5+ 20. Kg1 Qxd4 0-1

[Event "CAN-op"]
[Site "Winnipeg CAN"]
[Date "1986.07.13"]
[Round "2"]
[White "O'Donnell, Tom"]
[Black "Hjartarson, Johann"]
[Result "0-1"]
[WhiteElo "2364"]
[BlackElo "2525"]
[PlyCount "72"]
[GameId "2160767912651197"]
[EventDate "1986.07.12"]
[EventType "swiss"]
[EventRounds "10"]
[EventCountry "CAN"]
[SourceTitle "CP6/4"]

1. e4 e6 2. d4 d5 3. Nd2 Nf6 4. e5 Nfd7 5. f4 c5 6. c3 Nc6 7. Ndf3 Qb6 8. g3 f5 9. Ne2 Be7 10. Bh3 a5 11. O-O O-O 12. g4 cxd4 13. cxd4 Ndb8 14. Kh1 Na6 15. Rb1 Nc7 16. Be3 Bd7 17. Bf2 Be8 18. gxf5 exf5 19. Bh4 Ne6 20. Bxe7 Nxe7 21. Ng5 Nd8 22. Bg2 h6 23. Nh3 Ne6 24. Nc3 Rd8 25. Rf2 Nxd4 26. Rd2 Ne6 27. Nxd5 Nxd5 28. Rxd5 Bc6 29. Rd6 Qe3 30. Bxc6 bxc6 31. Qe1 Qf3+ 32. Kg1 Nd4 33. Qf2 Rxd6 34. exd6 Ne2+ 35. Kf1 Qh1+ 36. Kxe2 Qxb1 0-1

[Event "CAN-op"]
[Site "Winnipeg CAN"]
[Date "1986.07.15"]
[Round "5"]
[White "Fischvogt, Eric V"]
[Black "O'Donnell, Tom"]
[Result "0-1"]
[WhiteElo "2222"]
[BlackElo "2364"]
[PlyCount "70"]
[GameId "2160767912651217"]
[EventDate "1986.07.12"]
[EventType "swiss"]
[EventRounds "10"]
[EventCountry "CAN"]
[SourceTitle "EXT 2022"]
[Source "ChessBase"]
[SourceDate "2021.10.06"]
[SourceVersion "1"]
[SourceVersionDate "2021.10.06"]
[SourceQuality "1"]

1. e4 e6 2. d4 d5 3. Nc3 Bb4 4. a3 Bxc3+ 5. bxc3 dxe4 6. Qg4 Nf6 7. Qxg7 Rg8 8. Qh6 c5 9. Ne2 Bd7 10. Qd2 Bc6 11. dxc5 Qa5 12. Qd4 Nbd7 13. Qb4 Qxc5 14. Be3 Qf8 15. Nd4 Nd5 16. Qxf8+ Kxf8 17. Bh6+ Ke7 18. c4 N5b6 19. Bd2 Rac8 20. Bb4+ Kf6 21. Bc3 e5 22. Nxc6 Rxc6 23. f4 Nxc4 24. g3 Ne3 25. fxe5+ Nxe5 26. Kd2 Rd8+ 27. Kxe3 Rxc3+ 28. Kxe4 Ng4 29. Bd3 Nf2+ 30. Kf4 Nxh1 31. Rxh1 h6 32. h4 Rxa3 33. g4 Rd4+ 34. Kf3 Raa4 35. Bf5 h5 0-1

[Event "CAN-op"]
[Site "Winnipeg CAN"]
[Date "1986.07.16"]
[Round "6"]
[White "O'Donnell, Tom"]
[Black "Sigurjonsson, Gudmundur"]
[Result "1-0"]
[WhiteElo "2364"]
[BlackElo "2490"]
[PlyCount "69"]
[GameId "2160767912651224"]
[EventDate "1986.07.12"]
[EventType "swiss"]
[EventRounds "10"]
[EventCountry "CAN"]
[SourceTitle "CFC 1986.10"]

1. e4 e6 2. d4 d5 3. Nd2 Nf6 4. e5 Nfd7 5. f4 c5 6. c3 Nc6 7. Ndf3 Qb6 8. g3 f6 9. Bh3 cxd4 10. cxd4 fxe5 11. fxe5 Bb4+ 12. Kf1 O-O 13. Kg2 Ndxe5 14. dxe5 Nxe5 15. Qb3 Qb5 16. Be3 Nc4 17. Bf2 e5 18. Bxc8 Raxc8 19. a3 e4 20. axb4 exf3+ 21. Nxf3 Rf7 22. Rhf1 Rcf8 23. Bc5 Rc8 24. Ng5 Rxf1 25. Rxf1 h6 26. Qf3 hxg5 27. Qf7+ Kh8 28. Qh5+ Kg8 29. Qf7+ Kh8 30. Bd4 Ne3+ 31. Bxe3 Qe2+ 32. Qf2 Rc2 33. Kg1 Rxb2 34. Qxe2 Rxe2 35. Bxa7 1-0

[Event "CAN-op"]
[Site "Winnipeg CAN"]
[Date "1986.07.17"]
[Round "7"]
[White "O'Donnell, Tom"]
[Black "Benjamin, Joel"]
[Result "0-1"]
[WhiteElo "2364"]
[BlackElo "2609"]
[PlyCount "78"]
[GameId "2160767912651232"]
[EventDate "1986.07.12"]
[EventType "swiss"]
[EventRounds "10"]
[EventCountry "CAN"]
[SourceTitle "CP6/4"]

1. e4 c5 2. c3 e6 3. d4 d5 4. exd5 exd5 5. Nf3 Nf6 6. Be2 Nc6 7. O-O Be7 8. dxc5 Bxc5 9. Bg5 Be6 10. Nbd2 O-O 11. Nb3 Bb6 12. Bh4 h6 13. Qd3 g5 14. Bg3 Ne4 15. Nfd4 Qf6 16. Kh1 Rad8 17. Rae1 Qg6 18. f4 Bc8 19. f5 Qf6 20. Bf3 Nxg3+ 21. hxg3 Bc7 22. Nxc6 bxc6 23. Bd1 Rfe8 24. Bc2 Bb6 25. Re2 Rxe2 26. Qxe2 Bd7 27. Qd3 Re8 28. c4 Re3 29. Qd2 Rxg3 30. c5 Bc7 31. Nd4 Rg4 32. Nf3 Rf4 33. Qe3 g4 34. Nh2 Rxf1+ 35. Nxf1 Be5 36. b4 Bxf5 37. Ba4 Be4 38. Nd2 Qh4+ 39. Kg1 Qh2+ 0-1

[Event "CAN-op"]
[Site "Winnipeg CAN"]
[Date "1986.07.18"]
[Round "8"]
[White "Lipnowski, Irwin"]
[Black "O'Donnell, Tom"]
[Result "1-0"]
[WhiteElo "2402"]
[BlackElo "2364"]
[PlyCount "57"]
[GameId "2160767912651236"]
[EventDate "1986.07.12"]
[EventType "swiss"]
[EventRounds "10"]
[EventCountry "CAN"]
[SourceTitle "FQE 06"]

1. g3 d5 2. Nf3 e6 3. Bg2 b6 4. c4 Bb7 5. cxd5 exd5 6. d4 Nf6 7. Bg5 Be7 8. Bxf6 Bxf6 9. Nc3 O-O 10. O-O Nd7 11. Rc1 c5 12. e3 Rc8 13. Rc2 cxd4 14. Nxd4 Ne5 15. Nxd5 Bxd5 16. Rxc8 Qxc8 17. Bxd5 Rd8 18. Qb3 Qc5 19. Bg2 Ng6 20. Nc6 Rd2 21. Nxa7 Rxb2 22. Qd5 Qc2 23. Qa8+ Nf8 24. Bd5 Qf5 25. Bb3 Bc3 26. Nc6 Qf6 27. Qe8 g6 28. Ne7+ Kg7 29. Nd5 1-0

[Event "CAN-op"]
[Site "Winnipeg CAN"]
[Date "1986.07.19"]
[Round "9"]
[White "O'Donnell, Tom"]
[Black "Johnson, Chris FA"]
[Result "1-0"]
[WhiteElo "2364"]
[BlackElo "2090"]
[PlyCount "145"]
[GameId "2160767912651245"]
[EventDate "1986.07.12"]
[EventType "swiss"]
[EventRounds "10"]
[EventCountry "CAN"]
[SourceTitle "EXT 2022"]
[Source "ChessBase"]
[SourceDate "2021.10.06"]
[SourceVersion "1"]
[SourceVersionDate "2021.10.06"]
[SourceQuality "1"]

1. e4 e5 2. Nf3 Nf6 3. Nxe5 d6 4. Nf3 Nxe4 5. Qe2 Qe7 6. d3 Nf6 7. Bg5 Be6 8. Nc3 c6 9. O-O-O Nbd7 10. d4 O-O-O 11. Re1 Re8 12. Qd2 Qd8 13. h3 h6 14. Bh4 g5 15. Bg3 Nb6 16. Bd3 Bg7 17. Re2 Re7 18. Rhe1 Rhe8 19. Ne4 Nxe4 20. Rxe4 Bd5 21. Rxe7 Rxe7 22. Rxe7 Qxe7 23. b3 Bxf3 24. gxf3 Qf6 25. Qe2 Nd7 26. c3 c5 27. Bb5 Kd8 28. Qe4 cxd4 29. Qxb7 Qe6 30. cxd4 Bxd4 31. Kd2 Ke7 32. Qc7 Bb6 33. Qb7 Ba5+ 34. Kd3 Bb6 35. Bxd7 Qxd7 36. Qxd7+ Kxd7 37. f4 f5 38. f3 Ke6 39. fxg5 hxg5 40. Kc4 f4 41. Be1 a6 42. b4 d5+ 43. Kd3 Ke5 44. a4 Ba7 45. b5 axb5 46. axb5 Kd6 47. Bb4+ Kd7 48. Bc3 Bf2 49. Bd4 Be1 50. Bc5 Ke6 51. b6 Kd7 52. Kd4 Kc6 53. b7 Kxb7 54. Kxd5 Bh4 55. Bd4 Ka6 56. Ke4 Kb7 57. Kf5 Kc7 58. Bf6 Kd7 59. Bxg5 Be1 60. Bxf4 Ke7 61. Kg6 Kf8 62. Bg5 Kg8 63. h4 Bb4 64. h5 Bf8 65. h6 Bg7 66. h7+ Kh8 67. Bf6 Bxf6 68. Kxf6 Kxh7 69. f4 Kg8 70. f5 Kf8 71. Ke6 Ke8 72. f6 Kf8 73. f7 1-0

[Event "CAN-op"]
[Site "Winnipeg CAN"]
[Date "1986.07.20"]
[Round "10"]
[White "Morrison, Robert"]
[Black "O'Donnell, Tom"]
[Result "1-0"]
[WhiteElo "2357"]
[BlackElo "2364"]
[PlyCount "65"]
[GameId "2160767912651256"]
[EventDate "1986.07.12"]
[EventType "swiss"]
[EventRounds "10"]
[EventCountry "CAN"]
[SourceTitle "CP6/4"]

1. e4 Nc6 2. d4 d5 3. Nc3 dxe4 4. d5 Ne5 5. f3 e6 6. Qd4 Ng6 7. fxe4 e5 8. Qd3 Nf6 9. Nf3 a6 10. Be3 Bb4 11. g3 Qd6 12. Nd2 Ng4 13. Bg1 Bc5 14. Nc4 Qe7 15. d6 cxd6 16. Nd5 Qd8 17. Bxc5 dxc5 18. Ndb6 Rb8 19. h3 Nf6 20. Nd6+ Ke7 21. Ndxc8+ Rxc8 22. Nxc8+ Qxc8 23. O-O-O Qc7 24. h4 h6 25. Bh3 Rb8 26. Rhf1 b5 27. Qe3 Nf8 28. g4 Ne6 29. g5 hxg5 30. Bxe6 fxe6 31. Qxg5 Kf7 32. h5 Rd8 33. Rxf6+ 1-0

[Event "Sea Festival op"]
[Site "White Rock CAN"]
[Date "1986.??.??"]
[Round "?"]
[White "Joyner, Lionel"]
[Black "O'Donnell, Tom"]
[Result "1-0"]
[WhiteElo "2322"]
[BlackElo "2387"]
[PlyCount "71"]
[GameId "2160767912651273"]
[EventDate "1986.06.28"]
[EventType "swiss"]
[EventRounds "4"]
[EventCountry "CAN"]

1. e4 e6 2. d4 d5 3. Nc3 Bb4 4. e5 Qd7 5. Qg4 f5 6. Qg3 b6 7. Nf3 Ba6 8. Bxa6 Nxa6 9. O-O O-O-O 10. Ne2 Bf8 11. c3 g6 12. a4 Nb8 13. Bg5 Ne7 14. h4 Rg8 15. Qf4 Nbc6 16. b4 Kb7 17. Rfb1 Ra8 18. a5 b5 19. a6+ Kc8 20. Nc1 Kd8 21. Nd3 Ke8 22. Nc5 Qc8 23. Bh6 Nd8 24. Bxf8 Kxf8 25. h5 gxh5 26. Qh6+ Rg7 27. Ng5 Ng6 28. Nxh7+ Kf7 29. Qxh5 Rb8 30. Rd1 Rb6 31. Rd3 f4 32. Rh3 Kg8 33. Nd7 Rxa6 34. Ndf6+ Kf7 35. Ng5+ Kf8 36. Qh8+ 1-0

[Event "Paul Keres mem (11th)"]
[Site "Vancouver CAN"]
[Date "1986.05.17"]
[Round "2"]
[White "O'Donnell, Tom"]
[Black "Berry, Jonathan"]
[Result "1-0"]
[WhiteElo "2341"]
[BlackElo "2319"]
[PlyCount "71"]
[GameId "2160767912651455"]
[EventDate "1986.05.17"]
[EventType "swiss"]
[EventRounds "7"]
[EventCountry "CAN"]
[SourceTitle "CP6/3"]

1. e4 d6 2. d4 g6 3. Nc3 Bg7 4. Nf3 a6 5. a4 b6 6. Bd3 c5 7. Be3 Nf6 8. h3 cxd4 9. Nxd4 Bb7 10. O-O Nbd7 11. Nb3 O-O 12. f4 Rc8 13. Qe2 Rxc3 14. bxc3 Nxe4 15. Bxe4 Bxe4 16. Bd4 Bb7 17. Bxg7 Kxg7 18. a5 Nf6 19. Kh2 b5 20. c4 bxc4 21. Qxc4 Qa8 22. Qe2 Ne4 23. c4 Rc8 24. Rab1 Rc7 25. Rb2 Qc8 26. Nd4 e5 27. fxe5 dxe5 28. Nf3 f6 29. Rb6 Nc3 30. Qf2 Qf5 31. Qe3 e4 32. Nd4 Qxf1 33. Ne6+ Kf7 34. Nxc7 Bc8 35. Qxc3 Qf4+ 36. Qg3 1-0

[Event "Paul Keres mem (11th)"]
[Site "Vancouver CAN"]
[Date "1986.05.18"]
[Round "3"]
[White "Morin, Glenn"]
[Black "O'Donnell, Tom"]
[Result "1/2-1/2"]
[WhiteElo "2108"]
[BlackElo "2341"]
[PlyCount "80"]
[GameId "2160767912651469"]
[EventDate "1986.05.17"]
[EventType "swiss"]
[EventRounds "7"]
[EventCountry "CAN"]
[SourceTitle "EXT 2022"]
[Source "ChessBase"]
[SourceDate "2021.10.06"]
[SourceVersion "1"]
[SourceVersionDate "2021.10.06"]
[SourceQuality "1"]

1. e4 Nc6 2. d4 d5 3. Nc3 dxe4 4. d5 Ne5 5. Nxe4 e6 6. Bb5+ Bd7 7. Qe2 c6 8. dxc6 Bxc6 9. Bxc6+ Nxc6 10. Nf3 Be7 11. O-O Nf6 12. Rd1 Qc7 13. Bg5 Nxe4 14. Qxe4 Bxg5 15. Nxg5 h6 16. Nf3 O-O 17. Rd3 Rae8 18. Rad1 Re7 19. a3 a6 20. b4 f5 21. Qc4 Kh7 22. Rd6 e5 23. Qd5 Qc8 24. c4 e4 25. Nh4 Ne5 26. Rd8 Rxd8 27. Qxd8 Qxd8 28. Rxd8 Nxc4 29. Nxf5 Rc7 30. Kf1 Nxa3 31. Rd4 Rc4 32. Rxc4 Nxc4 33. Ke2 b5 34. Ne3 Nb6 35. Kd2 Nd7 36. Nd5 Kg6 37. Ke3 Kf5 38. Kd4 Ne5 39. Ne3+ Ke6 40. Kxe4 Nc6 1/2-1/2

[Event "Paul Keres mem (11th)"]
[Site "Vancouver CAN"]
[Date "1986.05.18"]
[Round "4"]
[White "O'Donnell, Tom"]
[Black "Donaldson, John"]
[Result "0-1"]
[WhiteElo "2341"]
[BlackElo "2420"]
[PlyCount "62"]
[GameId "2160767912651478"]
[EventDate "1986.05.17"]
[EventType "swiss"]
[EventRounds "7"]
[EventCountry "CAN"]
[SourceTitle "EXT 2022"]
[Source "ChessBase"]
[SourceDate "2021.10.06"]
[SourceVersion "1"]
[SourceVersionDate "2021.10.06"]
[SourceQuality "1"]

1. e4 c5 2. Nf3 d6 3. Bb5+ Bd7 4. Bxd7+ Nxd7 5. O-O Ngf6 6. Re1 e6 7. c3 Be7 8. d4 cxd4 9. cxd4 d5 10. e5 Ne4 11. Nbd2 Nxd2 12. Bxd2 O-O 13. Rc1 Qb6 14. Rc3 Rac8 15. Qc2 Rxc3 16. Qxc3 Nb8 17. a3 Nc6 18. Rc1 Rc8 19. b4 a6 20. a4 Ra8 21. Rb1 Na5 22. b5 Nc4 23. Bg5 Bxg5 24. Nxg5 h5 25. Ne4 axb5 26. Nc5 Qa7 27. axb5 Qa2 28. Qc1 Nd2 29. Rb2 Qa1 30. Rc2 Qxd4 31. Na6 Nc4 0-1

[Event "Paul Keres mem (11th)"]
[Site "Vancouver CAN"]
[Date "1986.05.19"]
[Round "6"]
[White "Spraggett, Kevin"]
[Black "O'Donnell, Tom"]
[Result "1/2-1/2"]
[WhiteElo "2596"]
[BlackElo "2341"]
[PlyCount "170"]
[GameId "2160767912651502"]
[EventDate "1986.05.17"]
[EventType "swiss"]
[EventRounds "7"]
[EventCountry "CAN"]
[SourceTitle "EXT 2022"]
[Source "ChessBase"]
[SourceDate "2021.10.06"]
[SourceVersion "1"]
[SourceVersionDate "2021.10.06"]
[SourceQuality "1"]

1. e4 Nc6 2. Nf3 e5 3. Bb5 Nge7 4. c3 g6 5. O-O Bg7 6. d4 exd4 7. cxd4 d5 8. exd5 Nxd5 9. Qe2+ Be6 10. Bg5 Qd6 11. Nbd2 O-O 12. Ne4 Qd7 13. Nc5 Qc8 14. Bxc6 bxc6 15. Nxe6 Re8 16. Rfe1 Rxe6 17. Qc4 Rxe1+ 18. Rxe1 Qb7 19. a3 h6 20. Bc1 Rb8 21. h4 h5 22. Qc2 Qa8 23. Qa4 Rd8 24. Bg5 Rb8 25. b4 a6 26. Rc1 Rb6 27. Bd2 Qc8 28. Qc2 Qd7 29. Ne5 Bxe5 30. dxe5 Qe6 31. Qd3 Kg7 32. Re1 Rb5 33. Qd4 Ne7 34. Qd8 Rd5 35. Bh6+ Kh7 36. Qf8 Nf5 37. Bg5 Rxe5 38. Rxe5 Qxe5 39. Qxf7+ Qg7 40. Qc4 Qa1+ 41. Kh2 Qe5+ 42. Kh3 Nd6 43. Qxc6 Ne4 44. Qd7+ Kg8 45. Be3 Nf6 46. Qd4 Qf5+ 47. Kg3 Kf7 48. f3 Ke6 49. Qc4+ Kd7 50. Qxa6 Qe5+ 51. Kf2 Qb2+ 52. Qe2 Qxa3 53. Qb5+ Kc8 54. Bd4 Qa2+ 55. Kg1 Qe6 56. Bf2 Nd5 57. Qc4 Qd6 58. b5 Kd7 59. Kh1 Kc8 60. Qe4 Kd7 61. Bg1 Qe6 62. Qa4 Kc8 63. Qa7 Kd7 64. Qb7 Nb6 65. Bf2 Qd5 66. Qa6 Qd1+ 67. Kh2 Qd6+ 68. Bg3 Qe6 69. Qa1 Nd5 70. Qh8 Qf7 71. Qd4 Qe6 72. Be5 Kc8 73. g4 hxg4 74. fxg4 c6 75. bxc6 Qxc6 76. Kg3 Kd7 77. h5 gxh5 78. gxh5 Ke8 79. Qg4 Ne7 80. Bd4 Qd6+ 81. Kh3 Qd5 82. Bf2 Kf7 83. Kh2 Qf5 84. Qh4 Nd5 85. Bd4 Qf4+ 1/2-1/2

[Event "Paul Keres mem (11th)"]
[Site "Vancouver CAN"]
[Date "1986.05.19"]
[Round "7"]
[White "O'Donnell, Tom"]
[Black "Zuk, Robert"]
[Result "1/2-1/2"]
[WhiteElo "2341"]
[BlackElo "2313"]
[PlyCount "110"]
[GameId "2160767912651507"]
[EventDate "1986.05.17"]
[EventType "swiss"]
[EventRounds "7"]
[EventCountry "CAN"]
[SourceTitle "EXT 2022"]
[Source "ChessBase"]
[SourceDate "2021.10.06"]
[SourceVersion "1"]
[SourceVersionDate "2021.10.06"]
[SourceQuality "1"]

1. e4 g6 2. d4 d6 3. Nf3 Nf6 4. Nc3 Bg7 5. Be2 O-O 6. O-O Bg4 7. Be3 Nc6 8. Qd2 Re8 9. h3 Bxf3 10. Bxf3 e5 11. dxe5 dxe5 12. Rad1 Qxd2 13. Rxd2 Rad8 14. Rfd1 Rxd2 15. Rxd2 a6 16. Kf1 Rd8 17. Rxd8+ Nxd8 18. Nb1 Kf8 19. Nd2 Ke8 20. c3 Ng8 21. g3 Bh6 22. Ke2 Bxe3 23. Kxe3 Ne7 24. b4 Kd7 25. Be2 f6 26. Nb3 Kd6 27. a4 Ne6 28. Bc4 Nd8 29. h4 Ndc6 30. Kf3 Nd8 31. Nc5 Kc6 32. Nb3 Kd6 33. Kg4 Kc6 34. f4 Kd6 35. a5 h5+ 36. Kf3 f5 37. Nc5 exf4 38. Kxf4 fxe4 39. Nxe4+ Kd7 40. Kg5 Ke8 41. Kf6 Kf8 42. Nc5 Nf5 43. Kxg6 Nxg3 44. Nd7+ Ke7 45. Nf6 Nc6 46. Bd5 Ne5+ 47. Kg5 c6 48. Bg2 Nf7+ 49. Kf4 Ne2+ 50. Ke3 Nxc3 51. Nxh5 Na2 52. Kd4 Nxb4 53. Kc5 Nd3+ 54. Kb6 Nd6 55. Ng7 Nc4+ 1/2-1/2